000 00356nam a2200145Ia 4500
008 230917s9999||||xx |||||||||||||| ||und||
040 _e1972
_aMAIN
041 _aEnglish
082 _a548.9 H321S
100 _aHayes, William
245 0 _aScattering of light by crystals
260 _aNew York
_bJohn Wiley
_c1978
300 _ax, 360 p.
942 _cBK
999 _c212014
_d212014